|
|
|
|
| LEADER |
01376nam a2200289 a 4500 |
| 001 |
13190403 |
| 008 |
100112s2003 ii a 001 0 eng d |
| 010 |
|
|
|a 2003008750
|
| 020 |
|
|
|a 0761998195 (pbk.)
|
| 020 |
|
|
|a 8178292890
|
| 040 |
|
|
|a DLC
|c DLC
|d DLC
|d BD-DhAAL
|
| 082 |
0 |
0 |
|a 302.2
|2 21
|
| 100 |
1 |
|
|a Norton, Michael,
|d 1942-
|
| 245 |
1 |
0 |
|a Getting started in communication :
|b a practical guide for activists and organisations /
|c Michael Norton and Purba Dutt.
|
| 260 |
|
|
|a New Delhi ;
|a Thousand Oaks, Calif. :
|b Sage Publications,
|c 2003.
|
| 300 |
|
|
|a vii, 175 p. :
|b ill. ;
|c 24 cm.
|
| 500 |
|
|
|a Includes index.
|
| 541 |
1 |
|
|e 00013140
|
| 650 |
|
0 |
|a Communication in community development.
|
| 650 |
|
0 |
|a Communication in economic development.
|
| 650 |
|
0 |
|a Non-governmental organizations
|x Public relations.
|
| 650 |
|
0 |
|a Non-governmental organizations
|x Public relations
|z India
|v Case studies.
|
| 700 |
1 |
|
|a Dutt, Purba.
|
| 852 |
4 |
|
|a Ayesha Abed Library
|j General Shelf.
|
| 999 |
|
|
|c 6949
|d 6949
|
| 952 |
|
|
|0 0
|1 0
|2 ddc
|4 0
|6 302_200000000000000_NOR
|7 0
|9 7184
|a BRACUL
|b BRACUL
|c GEN
|d 2010-01-13
|l 1
|m 14
|o 302.2 NOR
|p 3010013140
|r 2012-05-01
|s 2012-01-17
|t 1
|w 2010-01-13
|y BK
|x Price not available in Register
|
| 952 |
|
|
|0 0
|1 0
|2 ddc
|4 0
|6 302_200000000000000_NOR
|7 0
|9 7316
|a BRACUL
|b BRACUL
|c GEN
|d 2010-01-19
|l 0
|o 302.2 NOR
|p 3010013139
|r 2010-01-19
|t 2
|w 2010-01-19
|y BK
|x Price not available in Register
|